000 00655nam a2200241Ia 4500
001 6744
005 20240113233938.0
007 ta
008 050630s a g b000 u hin u
040 _aCotton College,Assam
041 _ahin
082 _a891.43309
_bSi 64 H
100 _aSingh, Tribhuvan.
245 0 _aHindi Upanyas Aur Yatharthavad /
_cTribhuvan Singh.
_hTextual Documents
250 _a1st ed. /
260 _aBaranashi :
_bHindi Prasarak Pustakalay ,
_cNd.
300 _a653p. :
_bill. ;
_c22cm. .
653 _aHindi novel-Criticism
653 _aGen-Hindi
942 _2ddc
_cBK
999 _c6731
_d6731